Preuve et raisons áa l'Université de Paris (Record no. 121184)

MARC details
000 -LEADER
campo de control de longitud fija 00871nam a2200217 4500
001 - NÚMERO DE CONTROL
campo de control 121184
003 - IDENTIFICADOR DE NÚMERO DE CONTROL
campo de control ES-MaACL
005 - FECHA Y HORA DE LA ÚLTIMA TRANSACCIÓN
campo de control 20230906191715.0
007 - CAMPO FIJO DE DESCRIPCIÓN FÍSICA--INFORMACIÓN GENERAL
campo de control de longitud fija t|
008 - DATOS DE LONGITUD FIJA--INFORMACIÓN GENERAL
campo de control de longitud fija 070214s1984 fr r ||||1| fre d
245 00 - MENCIÓN DEL TÍTULO
Título Preuve et raisons áa l'Université de Paris
Resto del título : logique, ontologie et thélogie au XIVe siècle : actes de la table ronde internacionale organisée par le Laboratoire associé au C. N. R. S. nº 152 du 5 au 7 novembre 1981 /
Mención de responsabilidad, etc. edités par Zénon Kaluza et Paul Vignaux.
260 ## - PUBLICACIÓN, DISTRIBUCIÓN, ETC.
Lugar de publicación, distribución, etc. Paris :
Nombre del editor, distribuidor, etc. J. Vrin,
Fecha de publicación, distribución, etc. 1984.
300 ## - DESCRIPCIÓN FÍSICA
Extensión 310 p. ;
Dimensiones 25 cm.
490 1# - MENCIÓN DE SERIE
Mención de serie Etudes de philosophie médiévale
700 1# - ENTRADA AGREGADA--NOMBRE PERSONAL
Nombre de persona Kaluza, Zénon.
9 (RLIN) 67464
700 1# - ENTRADA AGREGADA--NOMBRE PERSONAL
Nombre de persona Vignaux, Paul.
9 (RLIN) 114645
710 2# - ENTRADA AGREGADA--NOMBRE DE ENTIDAD CORPORATIVA
Nombre de entidad corporativa o nombre de jurisdicción como elemento de entrada Centre d'études des religions du Livre.
9 (RLIN) 2543
830 0# - PUNTO DE ACCESO ADICIONAL DE SERIE-TÍTULO UNIFORME
Título uniforme Etudes de philosophie médiévale
9 (RLIN) 183352
852 ## - LOCALIZACIÓN
Ubicación ES-MaACL
Número de control de estantería L-11859
Holdings
Estatus retirado Estado de pérdida Estado de daño No para préstamo Biblioteca de origen Biblioteca actual Ubicación en estantería Fecha de adquisición Fuente de adquisición Total de préstamos Signatura topográfica completa Código de barras Visto por última vez Precio de reemplazo Tipo de ítem Koha
        Biblioteca del Ateneo de Madrid Biblioteca del Ateneo de Madrid Depósito 2 17/01/2008     L-11859 1126298 23/02/2023 23/02/2023 Libro impreso